[Event "Reykjavik Open 2008"]
[Site "Reykjavik"]
[Date "2008.03.07"]
[Round "5.40"]
[White "Almer, Julia"]
[Black "Finnlaugsson, Gunnar"]
[Result "0-1"]
[WhiteElo "1914"]
[BlackElo "2128"]
[PlyCount "104"]
[EventDate "2008.03.03"]

1. e4 c5 2. Nf3 e6 3. d4 cxd4 4. Nxd4 Nf6 5. Nc3 Nc6 6. Be2 Bb4 7. Nxc6 bxc6 8.
e5 Nd5 9. Bd2 Nxc3 10. Bxc3 Bxc3+ 11. bxc3 Qg5 12. Qd4 Qxg2 13. O-O-O Qg5+ 14.
Kb1 Qe7 15. Ka1 O-O 16. Rhg1 f6 17. f4 fxe5 18. fxe5 a5 19. Rg3 Kh8 20. h4 a4
21. Rdg1 Rg8 22. h5 Ba6 23. c4 Raf8 24. Bd3 a3 25. c5 Bxd3 26. Rxd3 Ra8 27. h6
g6 28. Rf1 Qg5 29. Rdf3 Qxh6 30. Qxd7 Qg7 31. Qxe6 Rae8 32. Qf6 Rxe5 33. Qxg7+
Rxg7 34. Rxa3 Rxc5 35. Rf8+ Rg8 36. Rf2 h5 37. Ra7 Rg7 38. Ra8+ Kh7 39. a4 Rb7
40. a5 Rc4 41. c3 Rxc3 42. Ka2 Rc5 43. Ka3 g5 44. Ka4 Rc1 45. Ra2 Rc4+ 46. Ka3
Rbb4 47. Rg2 Ra4+ 48. Kb3 Rcb4+ 49. Kc3 Rb5 50. a6 Rba5 51. a7 h4 52. Rc8 Rc5+
0-1

[Event "Reykjavik Open 2008"]
[Site "Reykjavik"]
[Date "2008.03.07"]
[Round "5.42"]
[White "Sanchez Castillo, Sarai"]
[Black "Brynjarsson, Helgi"]
[Result "1/2-1/2"]
[WhiteElo "2312"]
[BlackElo "1914"]
[PlyCount "67"]
[EventDate "2008.03.03"]

1. e4 e5 2. d4 exd4 3. Qxd4 Nc6 4. Qe3 d6 5. Bd2 Nge7 6. Nc3 g6 7. Nd5 Bg7 8.
Bc3 O-O 9. Bxg7 Nxd5 10. Qh6 Re8 11. O-O-O Ndb4 12. a3 Rxe4 13. Nf3 f6 14. axb4
Qe7 15. b5 Ne5 16. Bxf6 Qxf6 17. Nxe5 Rxe5 18. f3 Bd7 19. Bc4+ Be6 20. Bd3 Re8
21. h4 Rh5 22. Qd2 Rxh4 23. Rxh4 Qxh4 24. Qc3 Re7 25. g4 Qg5+ 26. Kb1 Qe5 27.
Qd2 Bd5 28. f4 Qe3 29. Qh2 Bc4 30. b3 Bxd3 31. Rxd3 Qe4 32. f5 gxf5 33. gxf5
Qxf5 34. Qg2+ 1/2-1/2

[Event "Reykjavik Open 2008"]
[Site "Reykjavik"]
[Date "2008.03.07"]
[Round "5.43"]
[White "Bjarnason, Oskar"]
[Black "Bjornsson, Sverrir Orn"]
[Result "0-1"]
[WhiteElo "2290"]
[BlackElo "2116"]
[PlyCount "62"]
[EventDate "2008.03.03"]

1. e4 Nf6 2. e5 Nd5 3. c4 Nb6 4. d4 d6 5. exd6 exd6 6. Nc3 Be7 7. Be3 O-O 8.
Qf3 c6 9. O-O-O d5 10. c5 N6d7 11. g4 b6 12. cxb6 axb6 13. Bd3 b5 14. a3 Qa5
15. Nge2 Na6 16. Qh3 g6 17. Qg3 b4 18. axb4 Nxb4 19. Bb1 Nb6 20. Nf4 Nc4 21.
Nd3 Qa1 22. Rhe1 Nxd3+ 23. Rxd3 Qxb2+ 24. Kd1 Ra1 25. Bc1 Rxb1 26. Nxb1 Qxb1
27. Rxe7 Bxg4+ 28. Qxg4 Qxd3+ 29. Ke1 Qc3+ 30. Kd1 Qb3+ 31. Ke1 Qb4+ 0-1

[Event "Reykjavik Open 2008"]
[Site "Reykjavik"]
[Date "2008.03.07"]
[Round "5.44"]
[White "Thorgeirsson, Sverrir"]
[Black "Andersson, Christin"]
[Result "*"]
[WhiteElo "2120"]
[BlackElo "2194"]
[PlyCount "76"]
[EventDate "2008.03.03"]

1. e4 e6 2. d4 d5 3. Nd2 Nf6 4. e5 Nfd7 5. Bd3 c5 6. c3 Nc6 7. Ne2 f6 8. Nf4
Qe7 9. Nf3 fxe5 10. dxe5 Ndxe5 11. Nxe5 Nxe5 12. Qh5+ Nf7 13. Bxh7 Qg5 14. Qxg5
Nxg5 15. Bd3 Nf7 16. Ng6 Rg8 17. Bf4 Bd6 18. Bxd6 Nxd6 19. O-O-O Bd7 20. Rhe1
Kd8 21. f4 Kc7 22. Rd2 a5 23. Rde2 Rge8 24. Re3 b5 25. Ne5 c4 26. Bg6 Re7 27.
Nxd7 Kxd7 28. f5 Rf8 29. fxe6+ Kc6 30. Rf3 Rh8 31. h3 Nb7 32. Re5 Nc5 33. Rf7
Rxe6 34. Rxe6+ Nxe6 35. Bf5 Nf4 36. Rxg7 Rf8 37. g3 b4 38. h4 Ne2+ *

[Event "Reykjavik Open 2008"]
[Site "Reykjavik"]
[Date "2008.03.07"]
[Round "5.45"]
[White "Magnusson, Bjarni"]
[Black "Vigfusson, Vigfus"]
[Result "0-1"]
[WhiteElo "1913"]
[BlackElo "2052"]
[PlyCount "76"]
[EventDate "2008.03.03"]

1. d4 Nf6 2. Nf3 e6 3. c4 d5 4. Nc3 Nbd7 5. Bg5 Be7 6. e3 O-O 7. Rc1 c6 8. cxd5
exd5 9. Bd3 Re8 10. O-O Ne4 11. Bxe7 Qxe7 12. a3 Ndf6 13. h3 Bf5 14. b4 Rac8
15. Qb3 Qe6 16. Bxe4 Nxe4 17. Nxe4 Qxe4 18. Nd2 Qe6 19. Nf3 Qh6 20. Nh2 Re6 21.
Ng4 Bxg4 22. hxg4 Qg5 23. Qd1 Rce8 24. Qf3 Rf6 25. Qg3 Rg6 26. b5 Qe7 27. bxc6
bxc6 28. Rc5 f5 29. Rfc1 Qd7 30. Qf3 fxg4 31. Qe2 Ree6 32. Qa6 g3 33. fxg3 Qe8
34. Rf1 Rxe3 35. Qxa7 Re1 36. Rc3 Rf6 37. Rcf3 Qe3+ 38. Rxe3 Rfxf1+ 0-1

[Event "Reykjavik Open 2008"]
[Site "Reykjavik"]
[Date "2008.03.08"]
[Round "6.1"]
[White "Caruana, Fabiano"]
[Black "Stefansson, Hannes"]
[Result "1/2-1/2"]
[WhiteElo "2598"]
[BlackElo "2564"]
[PlyCount "101"]
[EventDate "2008.03.03"]
[TimeControl "5400"]

1. e4 e5 2. Nf3 Nc6 3. Bb5 a6 4. Ba4 Nf6 5. O-O b5 6. Bb3 Bb7 7. d3 Be7 8. Re1
O-O 9. Nbd2 d6 10. c3 Re8 11. Nf1 h6 12. Ng3 Bf8 13. d4 Na5 14. Bc2 Nc4 15. b3
Nb6 16. Bd3 g6 17. d5 c6 18. c4 Nfd7 19. Be3 Nc5 20. Bf1 bxc4 21. bxc4 Nbd7 22.
Rb1 Qc7 23. h4 Nf6 24. h5 Bc8 25. hxg6 fxg6 26. Nd2 Bg4 27. f3 Bd7 28. Nb3 Nxb3
29. axb3 c5 30. Qd2 Kh7 31. Bd3 a5 32. Ne2 a4 33. bxa4 Rxa4 34. Nc3 Ra3 35. Qb2
Rea8 36. Bc1 R3a6 37. Bd2 Qd8 38. Ra1 Rxa1 39. Rxa1 Rxa1+ 40. Qxa1 g5 41. Qa7
Kg6 42. Nb5 Qe7 43. Ba5 Ne8 44. Qb8 Kg7 45. Qd8 Qxd8 46. Bxd8 Kf7 47. Bc2 Be7
48. Ba5 g4 49. fxg4 Bxg4 50. Kf1 h5 51. Bd3 1/2-1/2

[Event "Reykjavik Open 2008"]
[Site "Reykjavik"]
[Date "2008.03.08"]
[Round "6.3"]
[White "Hillarp Persson, Tiger"]
[Black "Wang, Hao"]
[Result "0-1"]
[WhiteElo "2535"]
[BlackElo "2665"]
[PlyCount "86"]
[EventDate "2008.03.03"]
[TimeControl "5400"]

1. e4 c5 2. Nf3 d6 3. d4 cxd4 4. Nxd4 Nf6 5. Nc3 a6 6. Be3 e5 7. Nb3 Be7 8. f3
Be6 9. Qd2 O-O 10. O-O-O Nbd7 11. g4 b5 12. g5 b4 13. Ne2 Ne8 14. f4 a5 15. f5
Bxb3 16. cxb3 a4 17. bxa4 Rxa4 18. b3 Ra5 19. Ng3 d5 20. exd5 Bc5 21. Kb1 Qa8
22. a4 bxa3 23. Ka2 Nd6 24. f6 Rb8 25. Rb1 Bxe3 26. Qxe3 Nb6 27. Bg2 Nxd5 28.
Bxd5 Qxd5 29. Rhd1 Qe6 30. Qd3 Ne8 31. fxg7 Ra4 32. Qd7 Rh4 33. Qxe6 Rxh2+ 34.
Kxa3 fxe6 35. Rd7 Nxg7 36. Ne4 Nf5 37. Nf6+ Kh8 38. Rb2 Rh3 39. Ka4 Nd4 40. Ra7
Nxb3 41. Rc2 Rh1 42. Ka3 Nd4 43. Rc1 Nb5+ 0-1

[Event "Reykjavik Open 2008"]
[Site "Reykjavik"]
[Date "2008.03.08"]
[Round "6.5"]
[White "Mikhalevski, Victor"]
[Black "Kristjansson, Stefan"]
[Result "1-0"]
[WhiteElo "2632"]
[BlackElo "2476"]
[PlyCount "61"]
[EventDate "2008.03.03"]
[TimeControl "5400"]

1. d4 Nf6 2. c4 e6 3. g3 c5 4. d5 exd5 5. cxd5 d6 6. Nc3 g6 7. Bg2 Bg7 8. Nf3
O-O 9. O-O Re8 10. Nd2 a6 11. a4 Nbd7 12. h3 Rb8 13. Nc4 Nb6 14. Na3 Bd7 15. e4
Nc8 16. Qd3 Qa5 17. Nc4 Qc7 18. a5 Bb5 19. Bd2 Nd7 20. f4 Bxc4 21. Qxc4 b5 22.
axb6 Rxb6 23. Nd1 Qb7 24. Bc3 Rb5 25. Ra3 Nf6 26. Nf2 Nh5 27. Kh2 Bxc3 28. bxc3
Nb6 29. Qa2 Nd7 30. Rxa6 Rb2 31. Qa4 1-0

[Event "Reykjavik Open 2008"]
[Site "Reykjavik"]
[Date "2008.03.08"]
[Round "6.6"]
[White "Robson, Ray"]
[Black "Malakhatko, Vadim"]
[Result "1/2-1/2"]
[WhiteElo "2389"]
[BlackElo "2600"]
[PlyCount "131"]
[EventDate "2008.03.03"]
[TimeControl "5400"]

1. e4 c5 2. Nf3 d6 3. d4 cxd4 4. Nxd4 Nf6 5. Nc3 g6 6. Be3 Bg7 7. f3 a6 8. Qd2
b5 9. a4 bxa4 10. Nxa4 O-O 11. c4 Bb7 12. Be2 Nfd7 13. O-O Nc6 14. b4 Nxd4 15.
Bxd4 Bxd4+ 16. Qxd4 Qc7 17. Rfd1 Rfd8 18. Nc3 Bc6 19. Nd5 Bxd5 20. cxd5 Qb7 21.
Ra4 Rdb8 22. Rda1 Qb6 23. Qxb6 Rxb6 24. Rxa6 Raxa6 25. Rxa6 Rxb4 26. Ra7 Ne5
27. Rxe7 Kf8 28. Ra7 Rb2 29. Kf1 g5 30. Ra8+ Ke7 31. g3 Ng6 32. Ra7+ Ke8 33.
Kf2 h5 34. Ra3 h4 35. Ke3 Ke7 36. Ra7+ Ke8 37. Ra3 Ke7 38. Rd3 Ne5 39. Rd2 Rxd2
40. Kxd2 hxg3 41. hxg3 f6 42. Ke3 Nd7 43. Kd4 Ne5 44. f4 gxf4 45. gxf4 Nd7 46.
Bc4 Nc5 47. Bd3 Nd7 48. Kc4 Nf8 49. Kd4 Nd7 50. Bc2 Nb6 51. Bb3 Nd7 52. Ba4 Nc5
53. Bd1 Nd7 54. Kc4 Nc5 55. Bc2 Kd8 56. Kb5 Kc7 57. Ka5 Nb7+ 58. Ka6 Nc5+ 59.
Kb5 Nd7 60. Bb1 Nc5 61. e5 fxe5 62. fxe5 Nd7 63. e6 Nf6 64. Ba2 Kd8 65. Kc6 Ke7
66. Bb1 1/2-1/2

[Event "Reykjavik Open 2008"]
[Site "Reykjavik"]
[Date "2008.03.08"]
[Round "6.7"]
[White "Meier, Georg"]
[Black "Gaponenko, Inna"]
[Result "1/2-1/2"]
[WhiteElo "2570"]
[BlackElo "2422"]
[PlyCount "106"]
[EventDate "2008.03.03"]
[TimeControl "5400"]

1. e4 c5 2. Nf3 d6 3. d4 cxd4 4. Nxd4 Nf6 5. Nc3 a6 6. Be3 e5 7. Nb3 Be6 8. Qd2
Nbd7 9. O-O-O b5 10. f3 Qc7 11. Kb1 Nb6 12. Bxb5+ axb5 13. Nxb5 Qc6 14. Nxd6+
Bxd6 15. Qxd6 Qxd6 16. Rxd6 Nc4 17. Rd3 Nxe3 18. Rxe3 Ke7 19. Rd1 Rhc8 20. Nc1
Ne8 21. b3 Nd6 22. Kb2 Rab8 23. Rc3 Nc4+ 24. Ka1 Na3 25. Rxc8 Rxc8 26. c4 Rb8
27. Nd3 Nc2+ 28. Kb2 Ne3 29. Rg1 Bxc4 30. Nxe5 Bb5 31. h3 f6 32. Ng4 Nf1 33.
Kc3 Ba6 34. a4 h5 35. Nf2 h4 36. b4 Rc8+ 37. Kb2 Be2 38. b5 Kd6 39. e5+ Kxe5
40. Ne4 f5 41. Nd2 Ne3 42. Nb3 Bf1 43. b6 f4 44. Rxf1 Nxf1 45. a5 Rb8 46. Kc3
Kd5 47. Kb4 Ne3 48. Nc5 Nc2+ 49. Kb5 Nd4+ 50. Kb4 Rc8 51. a6 Rxc5 52. a7 Nc6+
53. Kb3 Nxa7 1/2-1/2

[Event "Reykjavik Open 2008"]
[Site "Reykjavik"]
[Date "2008.03.08"]
[Round "6.12"]
[White "Thorfinnsson, Bragi"]
[Black "Miezis, Normunds"]
[Result "1-0"]
[WhiteElo "2406"]
[BlackElo "2553"]
[PlyCount "111"]
[EventDate "2008.03.03"]

1. d4 Nf6 2. c4 e6 3. Nf3 Bb4+ 4. Bd2 a5 5. g3 d5 6. Qc2 O-O 7. Bg2 c5 8. dxc5
d4 9. O-O Nc6 10. Rd1 e5 11. Bg5 h6 12. Bxf6 Qxf6 13. Nbd2 Qe7 14. Nh4 Bxc5 15.
Rac1 Rd8 16. Bd5 Nb4 17. Qe4 Nxa2 18. Ng6 Qf6 19. Nxe5 Bf5 20. Nxf7 Bxe4 21.
Nxe4 Qb6 22. Nxd8+ Kh7 23. Nxb7 Nxc1 24. Nbxc5 Nxe2+ 25. Kf1 Re8 26. Nd3 Qg6
27. f3 Qh5 28. Kxe2 Qxh2+ 29. Ndf2 Qxg3 30. Rxd4 Qf4 31. Rd3 Qe5 32. b3 h5 33.
Kf1 Kh6 34. Bf7 Rf8 35. Rd6+ Kh7 36. Bg6+ Kg8 37. Kg2 h4 38. Rd5 Qf4 39. Bh5
Rb8 40. Rxa5 Rxb3 41. Bg4 Rb6 42. Rf5 Qc1 43. Rd5 Qxc4 44. Rd8+ Kh7 45. Bf5+ g6
46. Rd7+ Kh8 47. Bg4 Rb1 48. Kh3 Qf1+ 49. Kxh4 Rb5 50. Be6 Rh5+ 51. Kg3 Qg1+
52. Kf4 Qc1+ 53. Kg3 Qg1+ 54. Kf4 Qc1+ 55. Kg3 Qa1 56. Ng4 1-0

[Event "Reykjavik Open 2008"]
[Site "Reykjavik"]
[Date "2008.03.08"]
[Round "6.13"]
[White "Nataf, Igor-Alexandre"]
[Black "Gunnarsson, Jon Viktor"]
[Result "1/2-1/2"]
[WhiteElo "2552"]
[BlackElo "2429"]
[PlyCount "115"]
[EventDate "2008.03.03"]

1. e4 c5 2. Nf3 d6 3. d4 cxd4 4. Nxd4 Nf6 5. Nc3 g6 6. Be3 a6 7. f3 b5 8. Qd2
Bb7 9. a4 b4 10. Na2 e5 11. Qxb4 Qc7 12. Nb3 d5 13. Qc3 Nc6 14. Bg5 d4 15. Qd2
Be7 16. Bd3 O-O 17. O-O Rac8 18. Kh1 Nh5 19. Bh6 Rfd8 20. Nbc1 a5 21. Ne2 Nb4
22. Nxb4 Bxb4 23. Qd1 Bf8 24. Bd2 Qb6 25. Qe1 Ra8 26. f4 exf4 27. Nxf4 Nxf4 28.
Rxf4 Bh6 29. Rf3 Bg7 30. Qh4 Qe6 31. Raf1 Rd7 32. b3 Ba6 33. Bh6 Bxd3 34. cxd3
Qxb3 35. Bxg7 Kxg7 36. Rh3 Rh8 37. Qf6+ Kg8 38. Rc1 Qb8 39. e5 Qd8 40. Rh6 Qe8
41. Rh4 h5 42. e6 fxe6 43. Rxd4 Rxd4 44. Qxd4 Rh7 45. Qe3 Rd7 46. Qe4 Qf7 47.
Qa8+ Kh7 48. Qxa5 Rxd3 49. h3 Rxh3+ 50. Kg1 Rd3 51. Rc7 Rd7 52. Rxd7 Qxd7 53.
Qb5 Qd4+ 54. Kf1 Qf4+ 55. Ke2 Qe4+ 56. Kf2 Qf4+ 57. Ke2 Qe4+ 58. Kf2 1/2-1/2

[Event "Reykjavik Open 2008"]
[Site "Reykjavik"]
[Date "2008.03.08"]
[Round "6.15"]
[White "Moradiabadi, Elshan"]
[Black "Popovic, Milos T"]
[Result "1/2-1/2"]
[WhiteElo "2506"]
[BlackElo "2405"]
[PlyCount "130"]
[EventDate "2008.03.03"]

1. d4 Nf6 2. Nf3 e6 3. Bg5 c5 4. c3 d5 5. e3 Nbd7 6. Nbd2 Be7 7. Bd3 h6 8. Bh4
O-O 9. O-O b6 10. Ne5 Bb7 11. f4 Nxe5 12. dxe5 Nd7 13. Bxe7 Qxe7 14. Qe2 f6 15.
exf6 Rxf6 16. e4 c4 17. Bc2 Raf8 18. exd5 Qc5+ 19. Kh1 exd5 20. Nf3 Qd6 21. f5
Nc5 22. Nd4 a6 23. Rae1 Bc8 24. Kg1 Kh8 25. Rf3 b5 26. g4 Bb7 27. Qe7 Qb6 28.
Qe3 Qd6 29. Rh3 Kg8 30. Rg3 Ne4 31. Bxe4 dxe4 32. Ne6 R8f7 33. Rg2 Qe5 34. Nd8
Rd7 35. Nxb7 Rxb7 36. Qxe4 Qxe4 37. Rxe4 Rd6 38. Rge2 Kf7 39. Kf2 Rd3 40. a4
Rc7 41. Re6 b4 42. cxb4 Rb3 43. Rb6 Rd7 44. h4 Rh3 45. Kg2 Rxh4 46. Kg3 Rh1 47.
Rxa6 Rg1+ 48. Rg2 Rd3+ 49. Kh2 Ra1 50. a5 Rb3 51. Rb6 Ra4 52. Rb7+ Kf6 53. Rb6+
Kf7 54. f6 Raxb4 55. Rxb4 Rxb4 56. fxg7 Kxg7 57. Rf2 Ra4 58. Rf4 Rxa5 59. Rxc4
h5 60. gxh5 Rxh5+ 61. Kg3 Kf6 62. Re4 Rb5 63. Re2 Kf5 64. Kf2 Kf4 65. Ke1 Re5
1/2-1/2

[Event "Reykjavik Open 2008"]
[Site "Reykjavik"]
[Date "2008.03.08"]
[Round "6.16"]
[White "Paehtz, Elisabeth"]
[Black "Danielsen, Henrik"]
[Result "1/2-1/2"]
[WhiteElo "2420"]
[BlackElo "2506"]
[PlyCount "41"]
[EventDate "2008.03.03"]

1. e4 c6 2. d3 d5 3. Nd2 e5 4. Ngf3 Bd6 5. d4 exd4 6. exd5 cxd5 7. Nxd4 Ne7 8.
Be2 Nbc6 9. N2f3 Bg4 10. c3 O-O 11. O-O Qd7 12. Be3 Rad8 13. Qd2 Rfe8 14. Rfe1
Bh5 15. Rad1 Bg6 16. Nb5 Bb8 17. Bf4 Qc8 18. Nbd4 Bc7 19. Nb5 Bb8 20. Nbd4 Bc7
21. Nb5 1/2-1/2

[Event "Reykjavik Open 2008"]
[Site "Reykjavik"]
[Date "2008.03.08"]
[Round "6.17"]
[White "Nyzhnyk, Illya"]
[Black "Carlsson, Pontus"]
[Result "1/2-1/2"]
[WhiteElo "2405"]
[BlackElo "2501"]
[PlyCount "61"]
[EventDate "2008.03.03"]

1. e4 c5 2. Nf3 d6 3. d4 cxd4 4. Nxd4 Nf6 5. Nc3 g6 6. Be3 Bg7 7. f3 O-O 8. Qd2
Nc6 9. g4 e5 10. Nxc6 bxc6 11. O-O-O Ne8 12. h4 Be6 13. h5 Qe7 14. g5 Rd8 15.
Qh2 Bh8 16. Kb1 Rd7 17. Bh3 Nc7 18. Bxa7 Bxh3 19. Qxh3 Ne6 20. Be3 Rb8 21. b3
Rbd8 22. Qg4 d5 23. Na4 Bg7 24. hxg6 hxg6 25. Qh4 Rb7 26. exd5 cxd5 27. Bb6 Ra8
28. Rxd5 Rxa4 29. Qxa4 Rxb6 30. Rdd1 Nf8 31. Qa5 1/2-1/2

[Event "Reykjavik Open 2008"]
[Site "Reykjavik"]
[Date "2008.03.08"]
[Round "6.18"]
[White "Malisauskas, Vidmantas"]
[Black "Lagerman, Robert"]
[Result "1-0"]
[WhiteElo "2489"]
[BlackElo "2348"]
[PlyCount "83"]
[EventDate "2008.03.03"]

1. e4 e5 2. Nf3 Nc6 3. Nc3 Nf6 4. Bb5 Nd4 5. Ba4 Bc5 6. O-O Qe7 7. Nxd4 Bxd4 8.
Ne2 Bb6 9. Ng3 O-O 10. Nf5 Qb4 11. c4 Qxc4 12. d3 Qe6 13. Qf3 d5 14. Bb3 c6 15.
Bh6 g6 16. Bxf8 gxf5 17. Bh6 fxe4 18. Qg3+ Ng4 19. Be3 Qg6 20. Bxb6 axb6 21.
dxe4 d4 22. h3 Nf6 23. Qxg6+ hxg6 24. f4 Be6 25. Bxe6 fxe6 26. f5 exf5 27. exf5
e4 28. fxg6 Kg7 29. Rf4 d3 30. Raf1 e3 31. Rxf6 e2 32. Rd6 exf1=Q+ 33. Kxf1
Rxa2 34. b3 d2 35. h4 Ra1+ 36. Ke2 Rg1 37. h5 Rxg2+ 38. Kd1 Kh6 39. Rd8 Rh2 40.
Rh8+ Kg7 41. Rh7+ Kf6 42. g7 1-0

[Event "Reykjavik Open 2008"]
[Site "Reykjavik"]
[Date "2008.03.08"]
[Round "6.22"]
[White "Westerinen, Heikki M J"]
[Black "Bojkov, Dejan"]
[Result "0-1"]
[WhiteElo "2362"]
[BlackElo "2523"]
[PlyCount "82"]
[EventDate "2008.03.03"]

1. e4 e5 2. Nf3 Nc6 3. Bb5 a6 4. Ba4 Nf6 5. O-O Be7 6. Re1 b5 7. Bb3 d6 8. c3
O-O 9. h3 Na5 10. Bc2 c5 11. d4 Qc7 12. Nbd2 cxd4 13. cxd4 Nc6 14. Nb3 a5 15.
Be3 a4 16. Nbd2 Bd7 17. a3 Rfe8 18. Rc1 Qb7 19. Bd3 Bd8 20. dxe5 Nxe5 21. Nxe5
dxe5 22. Qe2 Bb6 23. Rc2 Rac8 24. Rec1 Rxc2 25. Rxc2 h6 26. Nb1 Bd4 27. Bxd4
exd4 28. Nd2 Bc6 29. f3 Nd5 30. exd5 Rxe2 31. dxc6 Qe7 32. c7 Qe3+ 33. Kh2 Qxd3
34. c8=Q+ Kh7 35. Rc5 Rxd2 36. Qg4 Rxb2 37. Rf5 Qc4 38. Qf4 d3 39. Qd6 Qa2 40.
Rxb5 Rxg2+ 41. Kh1 Rg6 0-1

[Event "Reykjavik Open 2008"]
[Site "Reykjavik"]
[Date "2008.03.08"]
[Round "6.24"]
[White "Bergsson, Snorri"]
[Black "Jackova, Jana"]
[Result "1/2-1/2"]
[WhiteElo "2333"]
[BlackElo "2375"]
[PlyCount "62"]
[EventDate "2008.03.03"]

1. e4 e5 2. Nf3 Nc6 3. Bb5 a6 4. Ba4 Nf6 5. O-O Be7 6. Re1 b5 7. Bb3 O-O 8. h3
Bb7 9. d3 Re8 10. Ng5 Rf8 11. Nf3 h6 12. Nc3 Re8 13. Bd2 Bc5 14. Nd5 d6 15. Qc1
Nxd5 16. Bxd5 Qf6 17. Be3 Nd8 18. Bxc5 dxc5 19. Qe3 Qd6 20. Bxb7 Nxb7 21. Nh4
Qf6 22. Nf5 Qg5 23. Qf3 Nd8 24. h4 Qf6 25. a4 Ne6 26. g3 Kh7 27. Kg2 g6 28. Nd4
Qxf3+ 29. Nxf3 f6 30. axb5 axb5 31. Kf1 Kg7 1/2-1/2

[Event "Reykjavik Open 2008"]
[Site "Reykjavik"]
[Date "2008.03.08"]
[Round "6.25"]
[White "Edvardsson, Kristjan"]
[Black "Thorfinnsson, Bjorn"]
[Result "0-1"]
[WhiteElo "2261"]
[BlackElo "2364"]
[PlyCount "67"]
[EventDate "2008.03.03"]

1. Nf3 d5 2. d4 Nf6 3. c4 dxc4 4. g3 e6 5. Bg2 Bb4+ 6. Bd2 Be7 7. O-O O-O 8.
Nc3 Nc6 9. e3 Rb8 10. Qa4 Bd7 11. Qxc4 b5 12. Qd3 Nb4 13. Qb1 c5 14. dxc5 Bc6
15. a3 Na6 16. Nd4 Bxg2 17. Kxg2 Bxc5 18. Nc6 Qd6 19. Nxb8 Rxb8 20. Rd1 Qc6+
21. Kg1 b4 22. axb4 Nxb4 23. Be1 h5 24. h4 Qf3 25. Rd2 Nc6 26. Qd1 Ne5 27. Rd8+
Rxd8 28. Qxd8+ Kh7 29. Qd1 Qb7 30. e4 Qxb2 31. Na4 Qb5 32. Rb1 Qc4 33. Rc1 Nf3+
34. Kh1 0-1

[Event "Reykjavik Open 2008"]
[Site "Reykjavik"]
[Date "2008.03.08"]
[Round "6.26"]
[White "Arngrimsson, Dagur"]
[Black "Halldorsson, Jon Arni"]
[Result "1/2-1/2"]
[WhiteElo "2359"]
[BlackElo "2174"]
[PlyCount "89"]
[EventDate "2008.03.03"]

1. e4 e6 2. b3 b6 3. Bb2 Bb7 4. d3 d5 5. Nd2 Nf6 6. e5 Nfd7 7. f4 Nc6 8. d4 Ne7
9. Bd3 h5 10. Ngf3 g6 11. O-O Nf5 12. Qe2 Be7 13. Rfe1 Nh6 14. c4 c6 15. Nf1
Kf8 16. Ne3 Kg7 17. g3 Nf5 18. Bxf5 exf5 19. Nd2 Nf8 20. a3 Qd7 21. Rad1 Ne6
22. Ndf1 a5 23. Qc2 Rac8 24. Nxf5+ gxf5 25. Ne3 Rcg8 26. cxd5 cxd5 27. Qxf5 Kf8
28. Rc1 Ke8 29. Rc2 Nc7 30. Rec1 Na6 31. Qd3 Kd8 32. Nf5 Re8 33. h3 Bf8 34. Kg2
Nb8 35. b4 axb4 36. axb4 Na6 37. Ba3 Bxb4 38. Nd6 Bxd6 39. Bxd6 Rh6 40. Ra2
Rxd6 41. exd6 Qxd6 42. Rxa6 Bxa6 43. Qxa6 Qe6 44. Qa8+ Ke7 45. Qa3+ 1/2-1/2

[Event "Reykjavik Open 2008"]
[Site "Reykjavik"]
[Date "2008.03.08"]
[Round "6.27"]
[White "Hagesaether, Ellen"]
[Black "Vasilevich, Tatjana"]
[Result "1/2-1/2"]
[WhiteElo "2234"]
[BlackElo "2370"]
[PlyCount "48"]
[EventDate "2008.03.03"]

1. e4 c5 2. d3 Nc6 3. g3 g6 4. Bg2 Bg7 5. f4 e6 6. Nf3 Nge7 7. c3 O-O 8. Be3 b6
9. O-O Bb7 10. Bf2 d6 11. a4 Qd7 12. Na3 Rae8 13. d4 cxd4 14. Nxd4 Nxd4 15.
Bxd4 f6 16. Be3 Rd8 17. Rf2 f5 18. exf5 Bxg2 19. fxe6 Qxe6 20. Kxg2 Nf5 21. Bd2
d5 22. Qf3 d4 23. Re1 Qb3 24. Nb5 Qxa4 1/2-1/2

[Event "Reykjavik Open 2008"]
[Site "Reykjavik"]
[Date "2008.03.08"]
[Round "6.28"]
[White "Nemcova, Katerina"]
[Black "Bjarnason, Saevar"]
[Result "0-1"]
[WhiteElo "2342"]
[BlackElo "2226"]
[PlyCount "70"]
[EventDate "2008.03.03"]

1. e4 e5 2. Nf3 Nc6 3. Bb5 a6 4. Ba4 Nf6 5. O-O Be7 6. Re1 b5 7. Bb3 d6 8. c3
O-O 9. h3 Na5 10. Bc2 c5 11. d4 Qc7 12. Nbd2 Nc6 13. d5 Nd8 14. Nf1 Ne8 15. b4
g6 16. Bh6 Ng7 17. Ng3 f6 18. Bb1 Bd7 19. Be3 a5 20. Bd3 axb4 21. cxb4 c4 22.
Bc2 Nf7 23. a4 bxa4 24. b5 Rfb8 25. Rxa4 Rxa4 26. Bxa4 Qa5 27. Qc2 Ra8 28. Ra1
Bxb5 29. Ne2 Bxa4 30. Qxc4 Qa6 31. Nd2 Qxc4 32. Nxc4 Ra6 33. Rb1 Be8 34. Nc3
Ra8 35. Rb7 Rc8 0-1

[Event "Reykjavik Open 2008"]
[Site "Reykjavik"]
[Date "2008.03.08"]
[Round "6.29"]
[White "Johannesson, Ingvar Thor"]
[Black "Limontaite, Simona"]
[Result "1/2-1/2"]
[WhiteElo "2338"]
[BlackElo "2152"]
[PlyCount "91"]
[EventDate "2008.03.03"]

1. d4 d5 2. Nf3 e6 3. c4 Nf6 4. g3 dxc4 5. Bg2 Nc6 6. Qa4 Bb4+ 7. Bd2 Nd5 8.
Bxb4 Ndxb4 9. a3 b5 10. Qxb5 Nc2+ 11. Kd2 Nxa1 12. Qxc6+ Bd7 13. Qxc4 c5 14.
Qa2 Qa5+ 15. Nc3 cxd4 16. Nxd4 Rd8 17. b4 Qb6 18. e3 Bc6 19. Bxc6+ Qxc6 20.
Qxa1 e5 21. Nce2 O-O 22. h4 Qf3 23. Rg1 Rfe8 24. Qc3 Qf6 25. Qd3 Rd6 26. Kc2
exd4 27. Nxd4 Red8 28. Qe2 Qe5 29. Qc4 Qe4+ 30. Kb2 h6 31. Rd1 Qg4 32. Rc1 Qg6
33. Rc2 Qf6 34. Rd2 Kh7 35. Kb3 R8d7 36. a4 Qd8 37. Rc2 h5 38. Rd2 g6 39. Rc2
Qe7 40. b5 Qf6 41. Rd2 Kg7 42. Qc3 Kh7 43. Kb2 Qe7 44. Rc2 Qe4 45. Rd2 Qe7 46.
Rc2 1/2-1/2

[Event "Reykjavik Open 2008"]
[Site "Reykjavik"]
[Date "2008.03.08"]
[Round "6.30"]
[White "Thomassen, Joachim"]
[Black "Cross, Ted"]
[Result "1-0"]
[WhiteElo "2308"]
[BlackElo "2079"]
[PlyCount "151"]
[EventDate "2008.03.03"]

1. e4 c5 2. Nf3 Nc6 3. d4 cxd4 4. Nxd4 Nf6 5. Nc3 e5 6. Ndb5 d6 7. Bg5 a6 8.
Na3 b5 9. Nd5 Be7 10. Bxf6 Bxf6 11. c3 Bg5 12. Nc2 O-O 13. a4 bxa4 14. Rxa4 a5
15. Bc4 Bd7 16. Ra2 Ne7 17. O-O Nxd5 18. Bxd5 Rb8 19. Na3 Be7 20. b3 Qc7 21.
Qc2 Be6 22. Bxe6 fxe6 23. Nc4 Rb5 24. Rfa1 Rfb8 25. Nxa5 d5 26. Qd3 dxe4 27.
Qxe4 Qxc3 28. Nc6 Re8 29. Nxe7+ Rxe7 30. Ra8+ Kf7 31. Qxh7 Rb8 32. Qh5+ g6 33.
Qh7+ Kf6 34. Qh4+ Kf7 35. R8a4 Reb7 36. Rf1 Qxb3 37. Re4 Kg7 38. Qg5 Qc3 39.
Rg4 Qd3 40. Qxe5+ Kf7 41. Rf4+ Kg8 42. Qxe6+ Kg7 43. Qf6+ Kg8 44. Rg4 Rb6 45.
Qg5 Qxf1+ 46. Kxf1 Rb1+ 47. Ke2 R1b2+ 48. Kf3 R2b3+ 49. Qe3 Rxe3+ 50. Kxe3 Kg7
51. h4 Rb5 52. Kf4 Kf6 53. Rg5 Rb4+ 54. Kg3 Rb3+ 55. f3 Rb4 56. Kh3 Rf4 57. Rg4
Rf5 58. f4 Ra5 59. Rg5 Ra8 60. Kg4 Ra4 61. h5 gxh5+ 62. Rxh5 Kg6 63. Rb5 Ra6
64. f5+ Kf6 65. Rb4 Ra5 66. Rb6+ Kf7 67. Kg5 Ra7 68. g4 Rc7 69. Rh6 Kg8 70. Ra6
Kf7 71. Ra5 Rc6 72. Ra7+ Kg8 73. f6 Rc5+ 74. Kg6 Rc8 75. Rg7+ Kf8 76. Rh7 1-0

[Event "Reykjavik Open 2008"]
[Site "Reykjavik"]
[Date "2008.03.08"]
[Round "6.31"]
[White "Narayanan, Srinath"]
[Black "Kjartansson, David"]
[Result "1-0"]
[WhiteElo "2210"]
[BlackElo "2288"]
[PlyCount "73"]
[EventDate "2008.03.03"]

1. e4 c5 2. Nf3 d6 3. d4 cxd4 4. Nxd4 Nf6 5. Nc3 g6 6. Be3 Bg7 7. f3 a6 8. Qd2
h5 9. Bc4 b5 10. Bb3 Bb7 11. O-O-O Nbd7 12. Nd5 Rc8 13. Kb1 Ne5 14. Bg5 Nxd5
15. exd5 Qb6 16. Rhe1 O-O 17. Bh6 Bf6 18. Bxf8 Rxf8 19. c3 a5 20. f4 Nd7 21. a3
Qc5 22. Qd3 Rb8 23. Nc6 Bxc6 24. dxc6 Nf8 25. Qd5 Qxd5 26. Rxd5 Ne6 27. g3 Nc7
28. Rd3 Rb6 29. Rc1 Rxc6 30. c4 b4 31. axb4 axb4 32. c5 Rxc5 33. Rxc5 dxc5 34.
Rd8+ Kg7 35. Rc8 Nb5 36. Rxc5 Nd4 37. Bd1 1-0